[Event "PER-ch"]
[Site "Lima"]
[Date "2017.03.04"]
[Round "7"]
[White "Cruz, Cristhian"]
[Black "Gomez Caceres, Jafet"]
[Result "1-0"]
[WhiteElo "2565"]
[BlackElo "2115"]
[PlyCount "79"]
[EventDate "2017.03.01"]
[EventType "swiss"]
[EventRounds "9"]
[EventCountry "PER"]
[SourceTitle "CBM 177 Extra"]
[Source "ChessBase"]
[SourceDate "2017.04.27"]
[SourceVersion "1"]
[SourceVersionDate "2017.04.27"]
[SourceQuality "1"]

1. d4 Nf6 2. c4 e6 3. Nc3 d5 4. cxd5 exd5 5. Bg5 c6 6. e3 Be7 7. Qc2 h6 8. Bh4 0-0 9. Bd3 Re8 10. Nge2 Ne4 11. Bxe7 Qxe7 12. Bxe4 dxe4 13. Ng3 f5 14. 0-0 Be6 15. f3 f4 16. Ngxe4 fxe3 17. Rfe1 Nd7 18. Rxe3 Rad8 19. Rd1 Nb6 20. Ree1 Bf7 21. Qf2 Nd5 22. h3 Qc7 23. Nxd5 Rxd5 24. Nc3 Rxe1+ 25. Rxe1 Rd8 26. a3 Qb6 27. Re4 Rd7 28. Na4 Qd8 29. Nc5 Rc7 30. Qe3 b6 31. Nd3 Bg6 32. Re5 Rd7 33. Nb4 Rxd4 34. Nxc6 Rd1+ 35. Kh2 Qd2 36. Nxa7 Qxb2 37. Re6 Qc2 38. Rc6 Qf5 39. Qb3+ Rd5 40. Rxg6 1-0

[Event "Arica 3rd"]
[Site "Arica"]
[Date "2016.07.16"]
[Round "9.9"]
[White "Gomez Caceres, Jafet"]
[Black "Escalante Ramirez, Brian Sebastian"]
[Result "1-0"]
[WhiteElo "2074"]
[BlackElo "2305"]
[PlyCount "147"]
[EventDate "2016.07.10"]
[EventType "swiss"]
[EventRounds "10"]
[EventCountry "CHI"]
[SourceTitle "EXT 2024"]
[Source "ChessBase"]
[SourceDate "2023.10.10"]
[SourceVersion "1"]
[SourceVersionDate "2023.10.10"]
[SourceQuality "1"]

1. Nf3 f5 2. d4 Nf6 3. g3 g6 4. Bg2 Bg7 5. c4 0-0 6. Nc3 d6 7. 0-0 Qe8 8. d5 c5 9. Ng5 Na6 10. Ne6 Bxe6 11. dxe6 Nc7 12. e4 Nxe4 13. Nxe4 fxe4 14. Bxe4 Rb8 15. a4 Kh8 16. Qg4 a6 17. f4 Bd4+ 18. Kg2 Rf6 19. f5 gxf5 20. Rxf5 Qg8 21. Bg5 Rxe6 22. Raf1 Bg7 23. Bd2 Bf6 24. Qf3 Re5 25. Rxf6 exf6 26. Qxf6+ Qg7 27. Qxd6 Rxe4 28. Bc3 Rd4 29. Qxc5 Ne6 30. Qf5 Re8 31. Re1 Qd7 32. Bxd4+ Qxd4 33. Rxe6 Rc8 34. Qf6+ Qxf6 35. Rxf6 Rxc4 36. Rf4 Rc7 37. b3 Rc2+ 38. Rf2 Rc3 39. Rf3 Rc2+ 40. Kh3 Rb2 41. g4 Kg7 42. Kg3 h6 43. h4 b5 44. axb5 axb5 45. Kf4 Kg6 46. g5 hxg5+ 47. hxg5 Rg2 48. Ke5 Rxg5+ 49. Kd4 Rg4+ 50. Kc5 b4 51. Rd3 Kf6 52. Rd4 Rg8 53. Kxb4 Ke5 54. Rd7 Rb8+ 55. Kc3 Rc8+ 56. Kb2 Rb8 57. Rd1 Ke6 58. Rd2 Ke5 59. Rd1 Ke6 60. Rd3 Ke5 61. Kc3 Rc8+ 62. Kb4 Ke4 63. Rd6 Ke5 64. Rb6 Kd5 65. Kb5 Rc5+ 66. Ka6 Rc2 67. b4 Ra2+ 68. Kb5 Rb2 69. Rb8 Kd6 70. Rc8 Rb1 71. Ka5 Kd7 72. Rc2 Rh1 73. b5 Rh6 74. b6 1-0

[Event "Antofagasta Zicosur op 2nd"]
[Site "Antofagasta"]
[Date "2016.01.10"]
[Round "9"]
[White "Montero Martinez, Cristian"]
[Black "Gomez Caceres, Jafet"]
[Result "1-0"]
[WhiteElo "2162"]
[BlackElo "2088"]
[PlyCount "149"]
[EventDate "2016.01.05"]
[EventType "swiss"]
[EventRounds "9"]
[EventCountry "CHI"]
[SourceTitle "CBM 170 Extra"]
[Source "ChessBase"]
[SourceDate "2016.02.25"]
[SourceVersion "1"]
[SourceVersionDate "2016.02.25"]
[SourceQuality "1"]

1. d4 Nf6 2. Nf3 e6 3. Bg5 Be7 4. Nbd2 d5 5. Bxf6 Bxf6 6. e4 c5 7. e5 Be7 8. dxc5 Bxc5 9. Nb3 Be7 10. Bd3 Nc6 11. c3 a6 12. 0-0 b5 13. Qe2 b4 14. c4 dxc4 15. Be4 Bb7 16. Rfd1 Qb6 17. Qxc4 Rc8 18. Rac1 0-0 19. Qe2 Rfd8 20. Rxd8+ Rxd8 21. h4 h6 22. Bb1 Na5 23. Nbd2 h5 24. Ne4 Nc6 25. Ng3 Nd4 26. Nxd4 Qxd4 27. Qxh5 Qxh4 28. Qe2 g6 29. Be4 Bxe4 30. Qxe4 Qxe4 31. Nxe4 Rd5 32. f4 Rd4 33. Re1 Kg7 34. b3 g5 35. g3 Kg6 36. Kg2 gxf4 37. gxf4 Kf5 38. Kf3 f6 39. Ng3+ Kg6 40. Ke3 Rd8 41. Rc1 Rh8 42. Rc6 Rh3 43. Kf3 Kf7 44. exf6 Bxf6 45. Rxa6 Bh4 46. Kg4 Rxg3+ 47. Kxh4 Rg2 48. Kh3 Rd2 49. Kg4 Kf6 50. Kf3 Kf5 51. Ra5+ Kf6 52. Ra4 Rh2 53. Rxb4 Rxa2 54. Rb8 Ra1 55. b4 Re1 56. b5 Rb1 57. b6 Ke7 58. b7 Kd6 59. Kg4 Kc7 60. Re8 Rg1+ 61. Kh5 Kxb7 62. Rxe6 Kc7 63. f5 Kd7 64. Re2 Rg3 65. f6 Rg1 66. f7 Rf1 67. Kg6 Rg1+ 68. Kh7 Rh1+ 69. Kg7 Rg1+ 70. Kf8 Ra1 71. Re7+ Kd6 72. Re8 Rg1 73. Re2 Ra1 74. Rg2 Ke6 75. Kg8 1-0